000 00883nam a2200229 i 4500
001 125076
003 ES-MaACL
005 20240524110554.0
007 t|
008 070503s1933 sp ||||1| spa d
100 1 _aFernández de Sevilla, Luis.
_949713
245 1 3 _aLa chascarrillera
_b: comedia sevillana, en tres actos y en prosa /
_cLuis Fernández de Sevilla ; dibujos de Gutiérrez Navas.
260 _aMadrid :
_bRibadeneyra,
_c1933.
300 _a81 p. ;
_c17 cm.
490 1 _aLa Farsa ;
_v302
500 _aEstrenada en el Teatro Lara, de Madrid, la noche del 27 de enero de 1933.
500 _aCubierta de este número: Concha Catalá y Manuel González en una escena de La chascarrillera.
700 1 _aGutiérrez Navas, Manuel,
_d1890-1971
_961196
830 0 _aLa Farsa ;
_v302
_9185863
852 _aES-MaACL
_j2217-F-1
_bR.140633
999 _c125076
_d125076